000 00292nam a2200121Ia 4500
008 151213s9999 xx 000 0 und d
245 _aLord Jeffrey
260 _aDhaka
_bFriend Books
_c1845
300 _a5246 p.
650 _aEnglish Literature
650 _aEnglish Literature
999 _c3238
_d3238